Gaming Quiz

Random Gaming or Pokémon Quiz

Name All Johto Region Pokémon Quiz Stats

 Plays Quiz not verified by Sporcle

Score 0/100 Timer 10:00
0 Plays Today
Dex #/Type/Sub-type Pokémon % Correct
152 - GrassChikorita
96.4%
153 - GrassBayleef
96.1%
156 - FireQuilava
95.7%
154 - GrassMeganium
95.2%
155 - FireCyndaquil
95%
158 - WaterTotodile
94.9%
157 - FireTyphlosion
93.5%
159 - WaterCroconaw
91.6%
160 - WaterFeraligatr
91.1%
249 - Psychic/FlyingLugia
89.7%
250 - Fire/FlyingHo-Oh
89.2%
164 - Normal/FlyingNoctowl
89%
163 - Normal/FlyingHoothoot
88.3%
161 - NormalSentret
86.6%
251 - Psychic/GrassCelebi
86.4%
162 - NormalFurret
86.4%
171 - Water/ElectricLanturn
85.8%
208 - Steel/GroundSteelix
85.1%
170 - Water/ElectricChinchou
84.9%
244 - FireEntei
84.9%
245 - WaterSuicune
83.9%
243 - ElectricRaikou
83.9%
175 - FairyTogepi
83.2%
247 - Rock/GroundPupitar
82.7%
165 - Bug/FlyingLedyba
82.7%
179 - ElectricMareep
82.7%
246 - Rock/GroundLarvitar
82.5%
229 - Dark/FireHoundoom
82.5%
172 - ElectricPichu
82.5%
248 - Rock/DarkTyranitar
82.3%
239 - ElectricElekid
82.3%
168 - Bug/PoisonAriados
82.3%
212 - Bug/SteelScizor
82.2%
166 - Bug/FlyingLedian
82.2%
Dex #/Type/Sub-type Pokémon % Correct
181 - ElectricAmpharos
82%
176 - Fairy/FlyingTogetic
81.8%
167 - Bug/PoisonSpinarak
81.8%
173 - FairyCleffa
81.6%
174 - Normal/FairyIgglybuff
81.5%
240 - FireMagby
81.5%
228 - Dark/FireHoundour
81.3%
169 - Poison/FlyingCrobat
80.4%
180 - ElectricFlaaffy
79.8%
220 - Ice/GroundSwinub
79.6%
230 - Water/DragonKingdra
79.4%
214 - Bug/FightingHeracross
79.4%
178 - Psychic/FlyingXatu
79.4%
183 - Water/FairyMarill
78.7%
177 - Psychic/FlyingNatu
78.7%
187 - Grass/FlyingHoppip
78.6%
184 - Water/FairyAzumarill
78.2%
238 - Ice/PsychicSmoochum
78%
189 - Grass/FlyingJumpluff
78%
198 - Dark/FlyingMurkrow
77.9%
188 - Grass/FlyingSkiploom
77.9%
221 - Ice/GroundPiloswine
77.7%
197 - DarkUmbreon
77.2%
196 - PsychicEspeon
77.2%
227 - Steel/FlyingSkarmory
77%
237 - FightingHitmontop
76.3%
215 - Dark/IceSneasel
76.3%
195 - Water/GroundQuagsire
75.8%
194 - Water/GroundWooper
75.8%
218 - FireSlugma
73.8%
219 - Fire/RockMagcargo
72.4%
204 - BugPineco
72%
236 - FightingTyrogue
71.7%
200 - GhostMisdreavus
71.4%
Dex #/Type/Sub-type Pokémon % Correct
222 - Water/RockCorsola
69.1%
205 - Bug/SteelForretress
69.1%
199 - Water/PsychicSlowking
68.1%
226 - Water/FlyingMantine
67.9%
225 - Ice/FlyingDelibird
67.8%
241 - NormalMiltank
67.6%
203 - Normal/PsychicGirafarig
66.9%
207 - Ground/FlyingGligar
66.4%
211 - Water/PoisonQwilfish
66%
182 - GrassBellossom
65%
213 - Bug/RockShuckle
64.8%
210 - FairyGranbull
64.5%
193 - Bug/FlyingYanma
63.5%
242 - NormalBlissey
63%
209 - FairySnubbull
63%
201 - PsychicUnown
62.3%
232 - GroundDonphan
61.9%
231 - GroundPhanpy
61.6%
186 - WaterPolitoed
61.1%
234 - NormalStantler
60.7%
185 - RockSudowoodo
60.7%
192 - GrassSunflora
59.5%
191 - GrassSunkern
59.3%
223 - WaterRemoraid
58.8%
224 - WaterOctillery
58.5%
216 - NormalTeddiursa
58%
217 - NormalUrsaring
57.8%
233 - NormalPorygon2
55.6%
190 - NormalAipom
54.2%
235 - NormalSmeargle
53.7%
206 - NormalDunsparce
53.7%
202 - PsychicWobbuffet
51.8%

You're not logged in!

Compare scores with friends on all Sporcle quizzes.
OR
Log In

Show Comments

Extras

Created May 20, 2016ReportNominate
Tags:Pokémon Quiz, dex, johto, region

Top Quizzes Today


Score Distribution

Your Account Isn't Verified!

In order to create a playlist on Sporcle, you need to verify the email address you used during registration. Go to your Sporcle Settings to finish the process.

Report this User

Report this user for behavior that violates our Community Guidelines.

Details: